000
00188nam a2200085Ia 4500
008
250605s9999 xx 000 0 und d
041
_a
eng
100
_a
Priyanka Singh
245
_a
Click2Clinic
999
_c
44794
_d
44794